[Event "Dyfed Major"]
[Site "Fishguard"]
[Date "2017.02.25"]
[Round "2"]
[White "Watkins, Peter"]
[Black "Scott, Paul"]
[Result "0-1"]
[WhiteElo "1390"]
[BlackElo "1553"]
[Annotator "Rudy"]
[PlyCount "142"]
[EventDate "2017.02.24"]
[EventCountry "WLS"]

1. d4 Nf6 2. Nf3 c5 3. e3 g6 4. Nbd2 cxd4 5. exd4 Bg7 6. c3 O-O 7. Be2 (7. Bd3
{more active, leaves the e file open for the R}) 7... d6 8. O-O a6 (8... Nc6 {
main}) 9. a4 Nc6 (9... Nbd7 10. Nc4 Qc7 11. Re1 Re8 12. a5 b5 13. axb6 Nxb6 14.
Na5 Bf5 15. Nh4 Be4 16. Bf3 $11 {Menager-Birens, FRA ch Accession Chambery
1994,1-0}) 10. Re1 Bd7 (10... Bf5) 11. Bd3 Rb8 12. Ne4 Re8 13. Nxf6+ Bxf6 14.
Be2 {obstructs the R} (14. Bc2) 14... Qc7 15. Be3 Na5 16. Nd2 b5 17. axb5 axb5
18. Nb3 (18. b4 Nc4 19. Nxc4 bxc4 20. Qd2 $14 {Komodo10}) (18. Ne4 Bg7 $11)
18... Nc4 19. Qc1 Be6 (19... Nxe3 20. Qxe3 e5 $15 {Komodo10; Bl has2 useful Bs
& mobile pawns}) 20. Nd2 (20. Bf4 $11) 20... Rec8 (20... Nxe3 $15) 21. Bf3 b4 (
21... Nxe3 22. fxe3 b4 $15) 22. d5 Nxd2 23. Bxd2 bxc3 24. Bxc3 Bf5 (24... Bxc3)
25. Bxf6 Qxc1 26. Rexc1 Rxc1+ 27. Rxc1 exf6 28. Kf1 (28. Rc6 Kf8 29. g4 Bd7 30.
Rxd6 Ke7 31. Ra6 Rxb2 $11 {Komodo10}) 28... Kf8 29. Rc7 Ke8 30. Ke1 Rxb2 $15 {
it will take a bit of doing to mobilise the extra K side ( doubled) pawn, but
Whs d5 pawn is also weak} 31. Ra7 Bd7 32. Ra8+ Ke7 33. Ra7 Kd8 34. Ra8+ Bc8 35.
Ra7 Rb7 36. Rxb7 (36. Ra8 {looks better, as one should try to keep pieces on
in an inferior endgame}) 36... Bxb7 37. Kd2 f5 38. Ke3 Ke7 39. Kd4 Kf6 40. Bd1
g5 41. Ba4 Bc8 42. g3 f4 43. Bc2 (43. gxf4 {in principle, Wh should keep the
Bl pawns doubled} gxf4 44. Ke4 Kg5 45. Bd1 Bf5+ 46. Kd4 Kh4 {however then Wh's
h pawn is in danger}) 43... Bf5 44. Bd1 Bg6 (44... fxg3 45. fxg3 Kg6 $17) 45.
g4 Ke7 46. f3 h5 (46... f5 {uses up the double}) 47. h3 Kd7 48. Be2 Kc7 49. Bd3
hxg4 (49... Bxd3 50. Kxd3 hxg4 51. hxg4 Kb6 52. Kd4 Kb5 53. Ke4 Kc4 {wins the
d pawn by force}) 50. hxg4 Kb6 (50... Bxd3 $19) 51. Be2 (51. Bxg6 fxg6 52. Kc4
$11 Ka5 53. Kc3 Kb5 54. Kd3 Kc5 55. Ke4 {and now} Kc4 {would normally win the
d pawn, but here its stalemate!}) 51... Ka5 $19 (51... Bb1 $19) 52. Kc3 Ka4 (
52... Bb1) 53. Bd1+ Kb5 54. Kd4 Kb4 (54... Bb1 55. Bb3 Kb4 56. Bc2 Ba2 (56...
Bxc2 {stalemate!}) 57. Bb1 Bc4 58. Be4 Be2 $19 {zugzwang}) 55. Be2 (55. Bc2 $1
{forces a draw, that stalemate possibility again, with or without the Bs})
55... Bc2 56. Ba6 Bd1 57. Ke4 Bc2+ (57... Kc5 {simpler} 58. Bd3 Bb3 59. Kf5 Kd4
60. Ba6 Bxd5 $19) 58. Kd4 f5 (58... Bd1 59. Ke4 Kc5 {as above}) 59. gxf5 (59.
Bc8 fxg4 60. Bxg4 Bb3 {looks drawn, despite Komodo10's judgement, as the Wh B
just goes between g4 & h5.}) 59... Bxf5 60. Be2 Bc2 61. Bf1 Bd1 62. Ke4 Kc5 63.
Kf5 Kxd5 64. Kxg5 Ke5 65. Kg4 d5 66. Ba6 d4 67. Bd3 Ba4 68. Kg5 Bd7 69. Be4 Bb5
70. Bc2 d3 71. Bd1 d2 {its still tricky, because of the blockade & it takes
Komodo10 a while to get to the best way of playing it.} (71... d2 72. Kg4 Bd7+
73. Kg5 Bf5 74. Bb3 Bh7 75. Bd1 Bb1 76. Kg4 (76. Ba4 Kd4 77. Kxf4 Kc3 $19)
76... Kd4 77. Kxf4 Kd3 78. Ba4 Bc2 79. Bb5+ Kc3 80. Be2 Kd4 81. Kg5 Ke3 {
finally eradicates the Wh B}) 0-1

[Event "Dyfed Major"]
[Site "Fishguard"]
[Date "2017.02.25"]
[Round "2"]
[White "Williams, Allan"]
[Black "Farhaili, Mohammed"]
[Result "1-0"]
[WhiteElo "1200"]
[BlackElo "1275"]
[Annotator "Rudy"]
[PlyCount "103"]
[EventDate "2017.02.24"]
[EventCountry "WLS"]

1. d4 Nf6 2. e3 d5 3. c4 c6 4. Bd3 (4. Nc3) 4... e6 5. Ne2 c5 (5... Bd6) (5...
Nbd7 {both get on with development & have been played}) (5... e5 {Komodo10} 6.
Nbc3 (6. dxe5 dxc4 7. Bc2 (7. Bxc4 Qxd1+ 8. Kxd1 Ng4) 7... Qxd1+ 8. Bxd1 Nd5 9.
Nd2 b5 $11) 6... e4 7. Bc2 Bd6 $11) 6. O-O Nc6 7. cxd5 Nxd5 8. a3 Qf6 {the Q
can get exposed here this early on in the game} (8... cxd4 9. exd4 Bd6 $11 {
Komodo10}) 9. e4 Nc7 10. Bf4 $16 e5 (10... Qd8 $5) 11. dxe5 Nxe5 12. Bxe5 (12.
Nbc3 $16) 12... Qxe5 13. Nbc3 $16 Bd7 14. f4 Qf6 15. e5 Qb6 16. Kh1 (16. Bc4
O-O-O 17. Qc2 $14) 16... Be7 17. Qc2 g6 (17... O-O-O $5) 18. Ng3 (18. f5 $16)
18... f5 19. exf6 Bxf6 20. Rae1+ $18 {Bl's K gets caught in the middle} Kf7 21.
f5 g5 22. Bc4+ (22. Nce4) 22... Kf8 23. Nge4 (23. Re6 $1 {Komodo10; & Bl needs
to shed the Q} Bxe6 24. fxe6 Ke7 25. Rxf6 Kxf6 26. Qf5+ Ke7 27. Qf7+ Kd6 28.
Nce4+ Ke5 29. Qf6# {one example}) 23... Kg7 24. Nd5 (24. Nxf6 Qxf6 25. Ne4 Bxf5
26. Qc1 Qg6 27. Ng3 Rhf8 28. Qc3+ Kh6 29. Nxf5+ Rxf5 30. Qh3+ Kg7 31. Rxf5 $18
{Komodo10}) 24... Nxd5 25. Bxd5 Rac8 26. Nxf6 (26. Be6 Bxe6 27. Nxf6 $18 {
Komodo10; the Bl K position keeps getting opened up}) 26... Qxf6 27. Bxb7 (27.
Be6 Rhd8 28. Bxd7 Rxd7 29. Re6 Qf7 30. Qc3+ Kg8 31. Qe3 $18 {wins the g pawn,
& still carries on attacking}) 27... Rb8 28. Bd5 (28. Qxc5 $1 Rhd8 (28... Rxb7
29. Re7+ Kh6 30. Qe3 Be8 31. Qh3+ Bh5 32. Re6 $18 (32. Rxb7 $18)) 29. Qxa7 $18
{Komodo10}) 28... Rhc8 29. b3 Bb5 30. Re6 $1 Bxf1 31. Rxf6 Kxf6 32. Qc3+ (32.
g4) 32... Kxf5 33. Qf3+ (33. g4+ Kg6 (33... Kxg4 34. Qf3+ Kh4 35. Bf7 g4 36.
Qf6+ Kh3 37. Qh6#) 34. Qf3 {threat Qf7 & Qf6 mate} Rb6 35. Qf5+ Kg7 36. Qxc8
$18 {Komodo10}) 33... Ke5 34. Qe4+ Kd6 35. Qe6+ Kc7 36. Qc6+ Kd8 37. Qd6+ Ke8
38. Bc6+ (38. Qe5+ Kd7 (38... Kd8 39. Be6 $1) 39. Be6+ Kc6 40. Bxc8 $18 {
Komodo10}) 38... Rxc6 39. Qxc6+ Kd8 40. Qd6+ Kc8 41. Qf8+ Kb7 42. Qxf1 Kb6 43.
Qf6+ Ka5 44. Qc3+ (44. Qxg5) 44... Kb6 45. b4 Kc6 46. Qxc5+ Kb7 47. Qxg5 Ka8
48. Qd5+ Rb7 49. Qg8+ (49. b5 $1 {Komodo10} h6 (49... Kb8 50. Qd8#) 50. a4 h5
51. h4 a6) 49... Rb8 50. Qxh7 Re8 51. Qb1 (51. h4) 51... Re3 52. Qc1 1-0

[Event "Dyfed Major"]
[Site "Fishguard"]
[Date "2017.02.25"]
[Round "2"]
[White "Narayan-Taylor, Robert"]
[Black "Jones, Hefin"]
[Result "1/2-1/2"]
[WhiteElo "1476"]
[BlackElo "1269"]
[Annotator "Rudy"]
[PlyCount "107"]
[EventDate "2017.02.24"]
[EventCountry "WLS"]

1. c4 e5 2. Nc3 Nc6 3. g3 Bc5 4. Bg2 Nd4 {as in the previous rd, an early Nd4
from the Bl player;a novelty , even with some 2000games in the database (
though found in some blitz games on the internet} 5. e3 (5. Nf3 d6 6. Nxd4 (6.
Ne4 Bb6 7. c5 Bxc5 8. Nxc5 dxc5 9. Nxe5 {munx-oscar_bakenov, chesscube.com
2014,1-0}) 6... Bxd4 7. d3 c6 {by transposition, Uwira- Blitz, Darmstadt Weber
Mem 1997,0-1}) 5... Ne6 (5... Nf5 6. Nge2 Nf6 7. O-O O-O 8. d4 $14 {
juanmaria-rajeshmohan, chesscube.com 2014,0-1}) 6. Nge2 Nf6 7. a3 (7. d4 $16 {
Komodo10}) 7... Ng5 {another move of the same N, not sure where it is going
though} 8. b4 (8. d4 $1 $18 Bd6 (8... exd4 9. exd4 {attacks 2 pieces}) 9. c5 (
9. f4 exf4 10. exf4 Ne6 11. f5 Nf8 {to the back rank, obstructing 0-0} 12. O-O
$18 h6 13. Nf4 N8h7 14. Re1+ Kf8 15. c5 $18) 9... Be7 10. dxe5 Ng4 11. Nd4 h5
12. f3 Nh6 13. f4 Ne6 14. O-O $18 (14. b4 $18 {Komodo10})) 8... Bf8 9. Bb2 (9.
f4 Ne6 10. f5 {wins a piece} Ng5 11. h4 $18) 9... c6 10. O-O (10. h4 Ne6 11.
O-O $16) 10... d6 $14 11. f4 Ne6 (11... Nh3+) 12. f5 (12. d4) 12... Nc7 13. e4
b5 (13... Be7 $14) 14. cxb5 Nxb5 15. Nxb5 cxb5 16. d4 $16 Bb7 17. Qd3 (17. dxe5
dxe5 18. Bxe5 $18 Nxe4 19. Re1 Qxd1 20. Raxd1 f6 21. Bf4 Rd8 22. Nd4 $18 (22.
Rxd8+ Kxd8 23. Nd4 $18 {the Bl K is too exposed, especially with the Bl K side
still not in the game})) 17... d5 18. Qxb5+ $18 (18. dxe5 Nxe4 19. Qxb5+ $18)
18... Qd7 19. Qxd7+ Kxd7 (19... Nxd7) 20. dxe5 Nxe4 21. Bxe4 (21. Rfd1 Ke8 22.
Nf4 Rd8 23. Rac1 $18 {Komodo10}) (21. Nf4 $18 {Komodo10}) (21. e6+ fxe6 22.
fxe6+ Ke8 (22... Kxe6 23. Rac1 $18) 23. Rf7 Bc8 24. Nf4 Bd6 25. Nxd5 Bxe6 26.
Rxg7 Bxd5 27. Re1 $18 {Komodo10; the Bl Rs are bystanders, while the Wh ones
make hay}) 21... dxe4 22. Rfd1+ Ke8 23. Nc3 (23. Nf4 $1) 23... a5 24. Nd5 (24.
Nb5 Rc8 25. Rac1 Rxc1 26. Bxc1 Be7 27. f6 gxf6 28. Nc7+ Kf8 29. Bh6+ Kg8 30.
Rd7 fxe5 31. Rxe7 f5 32. Ne6 axb4 33. Rg7# {Komodo10}) 24... Bxd5 25. Rxd5 axb4
26. a4 (26. axb4 Rxa1+ 27. Bxa1 Bxb4 28. Rb5 Bf8 29. Kf1 $18 {leaves Bl
completely undeveloped on the K side}) 26... b3 27. a5 Ra6 28. Rad1 Be7 29. Ba3
(29. f6 gxf6 30. exf6 $18 Rg8 (30... Bxf6 31. Bxf6 Rxf6 32. Rd8+ Ke7 33. Rxh8)
(30... Bb4 31. Rd8#) 31. Rc1 Bxf6 32. Bxf6 Rxf6 33. Rc8+ Ke7 34. Rxg8 $18 {
Komodo10}) 29... Ra7 30. Bxe7 (30. f6 gxf6 31. exf6 Bxf6 32. Rc1 Rd7 33. Rc8+
Rd8 34. Rdxd8+ Bxd8 35. a6 $18 {Komodo10}) (30. a6 $18 {Komodo10}) 30... Kxe7
$11 31. Rb5 Rc8 {Bl has managed to get the KR into play at last} 32. Rb1 Rc3
33. Kf2 Kd7 34. Rd5+ Kc6 35. Rd8 Kc7 36. Rf8 Rxa5 $17 {the b3 pawn is now
dangerous} 37. Rxf7+ Kc6 38. Kg2 (38. f6 gxf6 39. Rxf6+ Kd5 40. Rb6 Ra2+ 41.
Kf1 (41. Kg1 e3 $19) 41... Rcc2 42. R6xb3 Rxh2 $17 {Komodo10}) 38... Rxe5 $19
39. Rxg7 Rc2+ (39... e3 $19) 40. Kh3 b2 41. Rg8 Kb7 42. Rg7+ Kc6 43. Rg8 Rec5 (
43... Rf2 $17) 44. Rc8+ (44. Rb8 $11) 44... Kd6 (44... Kd5 45. Rb8 $11) 45. Rb8
$11 Rxf5 46. R1xb2 Rxb2 47. Rxb2 Ke5 48. Rb5+ Ke6 49. Rb6+ (49. Rxf5 Kxf5 50.
Kg2 {also draws}) 49... Kf7 50. Rb4 Re5 51. Kg2 Kf6 52. Kf2 Kf5 53. h3 h5 54.
Ke3 1/2-1/2

[Event "Dyfed Major"]
[Site "Fishguard"]
[Date "2017.02.25"]
[Round "2"]
[White "Neave, Guto"]
[Black "White, Sam"]
[Result "1/2-1/2"]
[WhiteElo "1515"]
[BlackElo "1411"]
[Annotator "user,mesh"]
[PlyCount "92"]
[EventDate "2017.02.24"]
[EventCountry "WLS"]

1. e4 c6 2. d4 d5 3. e5 Bf5 4. Bd3 Bxd3 5. Qxd3 e6 (5... Qa5+ 6. c3 Qa6 {is an
alternative}) 6. c3 (6. Nf3) 6... Qb6 7. Qc2 (7. Ne2) (7. Nf3 {main lines})
7... Nd7 (7... c5 8. Be3 Nc6 9. Nf3 (9. Ne2 {have both been played})) 8. Be3
Ne7 9. f4 (9. Nf3) 9... Nf5 (9... g5 {is a promising break for Bl}) 10. Bf2 Be7
11. Nf3 Qa6 (11... h5) 12. Nbd2 (12. g4) 12... c5 13. Nf1 cxd4 14. Nxd4 Nxd4
15. Bxd4 O-O (15... Nc5 $15 {Komodo10}) 16. Ng3 Bc5 17. Qe2 Qb6 18. Qf2 Bxd4
19. cxd4 Qb4+ (19... Rac8 20. O-O f6 21. f5 $11 {Komodo10}) 20. Qd2 Qxd2+ 21.
Kxd2 Rac8 22. Rac1 Nb6 23. b3 g6 $11 24. Ne2 Rxc1 25. Rxc1 Rc8 26. Rxc8+ (26.
Rc5 $14) 26... Nxc8 $11 27. Nc3 a6 28. a4 Ne7 29. Na2 Nf5 30. Kd3 Kf8 31. g3
Ke8 32. Nc3 Kd7 33. a5 (33. Ne2 h6 34. Nc3 $11 {just doing nothing}) 33... Ne7
$15 (33... Kc6 $15) 34. b4 Nc6 35. Na2 Kc7 36. Kc3 b6 (36... Ne7 37. g4 h5 38.
gxh5 gxh5 39. Nc1 Ng6 40. Ne2 Kc6 $11 {Komodo10}) 37. axb6+ (37. b5 $11) 37...
Kxb6 38. Nc1 Kb5 39. Nd3 a5 40. bxa5 Nxa5 41. Nb2 Nc6 42. Nd3 Ne7 43. g4 h6 44.
Nc5 Kc6 45. Nd3 Kd7 46. Nc5+ Kc6 1/2-1/2

[Event "Dyfed Major"]
[Site "Fishguard"]
[Date "2017.02.25"]
[Round "2"]
[White "Hammett, Scott"]
[Black "Holman, Sam"]
[Result "1-0"]
[WhiteElo "1443"]
[BlackElo "1334"]
[Annotator "Rudy"]
[PlyCount "31"]
[EventDate "2017.02.24"]
[EventCountry "WLS"]

1. f4 Nf6 2. b3 d5 (2... g6) 3. Nf3 c5 (3... g6) 4. Bb2 Nc6 5. e3 e6 (5... Bg4
{eliminates one of the pieces aimed at e5}) 6. Bb5 a6 (6... Bd7) 7. Bxc6+ {Wh
is more than happy to gain further control of e5} bxc6 8. O-O Bd6 (8... Be7) 9.
Nc3 (9. d3) (9. Ne5) (9. Qe1 {all played}) 9... O-O (9... a5 10. Ne2 Ba6 11. d3
(11. Ne5 Qc7 12. Rf3 Ne4 13. Ng3 f6 14. Ng4 Nxg3 15. Rxg3 O-O-O {
Mitteregger-Ertl, AUT ch U16, Illmitz 2004,0-1}) 11... Rb8 12. Ne5 {
Wittmann-Siebert, Regionalliga Bayern 2006,1-0}) 10. Ne2 (10. Ne5 {Cloud
Engines}) 10... Bb7 {doesn't look a good place for a B behind blocked pawns} (
10... Nd7 {anticipates Ne5}) 11. Ng3 Re8 $11 12. Qe1 Qc7 $2 (12... Nd7) (12...
Qe7 {also better than what was played}) 13. Bxf6 $18 gxf6 14. Nh5 Kh8 15. Qh4 (
15. Nxf6) 15... Rg8 (15... Be7 16. Nxf6 Bxf6 17. Qxf6+ Kg8 18. Qg5+ (18. Ne5
Qe7) 18... Kh8 19. Ne5 f5 20. Rf3 Qe7 21. Qh5 $18) 16. Qxf6+ 1-0

[Event "Dyfed Major"]
[Site "Fishguard"]
[Date "2017.02.25"]
[Round "2"]
[White "Eddershaw, John"]
[Black "Evans, Gwyn"]
[Result "0-1"]
[WhiteElo "1250"]
[BlackElo "1436"]
[Annotator "Rudy"]
[PlyCount "76"]
[EventDate "2017.02.24"]
[EventCountry "WLS"]

1. d4 d5 2. Nf3 e6 3. e3 Bd6 4. Bd3 Nc6 (4... f5 {main}) 5. a3 (5. O-O) (5. c3
{main lines}) 5... a5 (5... Nf6 {back to more games}) 6. O-O f5 7. b3 Nf6 8.
Nbd2 O-O $11 9. Bb2 Bd7 (9... Ne4) 10. c4 b6 11. cxd5 Nxd5 (11... exd5) 12. Re1
Be8 13. Bb5 Na7 (13... Nce7) 14. Bxe8 Qxe8 15. Ne5 $11 Nc6 16. f4 (16. Nd3 $11)
16... Nxe5 17. dxe5 (17. fxe5 Be7 $15) 17... Bc5 $17 18. Bd4 (18. Qf3 {guards
f4} Rd8 19. Bd4 Be7 $17 {Komodo10}) 18... Be7 (18... Bxd4 19. exd4 Nxf4 $17 {
wins an important pawn}) 19. g3 Rd8 20. Qc2 c5 21. e4 (21. Bb2) 21... Nxf4 $19
22. gxf4 Qg6+ 23. Kh1 Rxd4 24. Rg1 Qh6 {Wh's K side has been weakened by the
loss of the pawn} 25. Raf1 fxe4 26. Nxe4 Rxf4 27. Rxf4 Qxf4 28. Qg2 Qxe5 29.
Ng3 Qd5 30. Ne4 g6 (30... Qxe4 $19 {pins the Q, so no mate, & a piece has gone}
) 31. Re1 Bh4 32. Qe2 (32. Ng3) 32... Bxe1 33. Qxe1 Qxe4+ 34. Qxe4 Rxe4 35. Kg2
Rf4 36. Kg3 Rf5 37. h4 h5 38. Kh3 e5 0-1

[Event "Dyfed Major"]
[Site "Fishguard"]
[Date "2017.02.25"]
[Round "2"]
[White "Baron, Margaret"]
[Black "Chong, Kimberly"]
[Result "0-1"]
[WhiteElo "850"]
[BlackElo "1441"]
[Annotator "Rudy"]
[PlyCount "62"]
[EventDate "2017.02.24"]
[EventCountry "WLS"]

1. d4 d5 2. Nf3 Nc6 3. e3 e6 (3... Bg4 {main idea behind the Chigoran Defence,
is not to have the QB stuck behind the e6 pawn structure}) 4. c4 Nf6 5. Nc3 Be7
(5... Bb4) 6. g3 (6. Bd3) (6. Be2 {main}) 6... O-O 7. Bg2 Na5 (7... dxc4 8. O-O
{transposes to many other games,where Wh has sacrificed the c4 pawn to obtain
a centre}) 8. O-O (8. cxd5 exd5 9. O-O $11 {& the N on a5 will need to be
brought back into the game}) 8... Nxc4 $15 9. Qe2 c5 10. b3 Nb6 11. Bh3 (11.
Bb2) 11... Re8 12. Re1 cxd4 13. exd4 Bb4 14. Bb2 Ne4 15. Rac1 e5 $17 16. a3 (
16. Bg2 {best}) 16... Bxc3 17. Bxc3 Bxh3 $19 18. Nxe5 Nxc3 19. Rxc3 f6 20. Qd2
(20. Qh5 $5) 20... fxe5 21. dxe5 d4 22. Rc5 Rc8 23. Ra5 d3 24. f4 Rc2 25. Qe3
d2 26. Rd1 Bg4 (26... Rc1 {is quicker} 27. Qe2 Qd4+ 28. Kh1 Rxd1+ 29. Qxd1 Qe4+
30. Kg1 Qg2# {Komodo10}) 27. Rf1 d1=Q 28. h3 Qxf1+ 29. Kxf1 Qd1+ 30. Qe1 Bxh3+
31. Kg1 Qxe1# 0-1

[Event "Dyfed Major"]
[Site "Fishguard"]
[Date "2017.02.25"]
[Round "2"]
[White "Bevan, Paul"]
[Black "Taylor, Paul"]
[Result "1-0"]
[WhiteElo "1251"]
[BlackElo "1511"]
[Annotator "Rudy"]
[PlyCount "59"]
[EventDate "2017.02.24"]
[EventCountry "WLS"]

1. d4 Nf6 2. e3 d5 3. Bd3 Bg4 (3... e6 $1) 4. Nf3 (4. f3 Bh5 5. Ne2 {main})
4... g6 (4... e6) 5. h3 Bd7 (5... Bxf3 6. Qxf3 Bg7 7. Nd2 $11) 6. Ne5 (6. c4 e6
7. Nc3 Bc6 8. O-O Nbd7 9. Qc2 $11 {Moors-Dockx, Brasschaat op 2002,1-0}) (6.
O-O Bg7 7. Nbd2 O-O {several games eg} 8. b3 Bc6 9. Bb2 b6 10. Qe2 Bb7 11. c4
e6 {Bernardo Jimenez-Mohammadian, Wld ch Seniors 65, Marianske Lazne 2016,1/
2-1/2}) 6... Bg7 7. O-O O-O 8. f4 (8. c4) 8... e6 (8... c5 {counters in the
centre against a threat of a Kside attack}) 9. Qf3 a6 10. Nc3 b5 (10... c5) 11.
a3 Ne8 12. Bd2 (12. e4 $14) 12... f5 $6 (12... Nd6) 13. Ne2 (13. Nxd5 $1 $16 {
Komodo10, picks up a valuable pawn & weakens Bl's remaining pawn structure}
Bxe5 (13... exd5 14. Qxd5+ Be6 (14... Kh8 15. Qxa8) 15. Qxe6+ Kh8 16. Nf7+ Rxf7
17. Qxf7 $18) (13... Bc6 14. Nxc6 Nxc6 15. Nb4 Nxb4 16. Bxb4 $18) 14. Nb4 Ra7
15. fxe5 $16) 13... Nf6 (13... Nd6) 14. Bb4 Re8 15. c4 c6 (15... bxc4 16. Bxc4
a5 17. Bc3 Ne4 $11 {Komodo10}) 16. cxb5 cxb5 17. Rac1 $14 {Bl has a bad B,& is
not yet fully developed} Ne4 18. Rc2 Bf8 19. Bxf8 Rxf8 20. Rfc1 $16 Ra7 21.
Bxe4 fxe4 (21... dxe4 22. Qg3 $16 {Komodo10}) 22. Qg3 $16 (22. Qg4 $18 {Komodo
10; leaves room for the other N to join in, using all the Wh pieces in the
attack}) 22... Kg7 (22... b4 $5) 23. h4 $18 Kh8 24. Kf1 (24. Qg4 {is a more
effecient way of bringing in the N}) 24... Rf5 25. Ng1 (25. Nxd7 $1 Qxd7 26.
Rc8+ Kg7 27. Rxb8 {picks up material}) (25. h5 $1 {also opens up the K} Rxe5 (
25... Rxh5 26. Nf7+) (25... gxh5 26. Qh3 (26. Nxd7) 26... Qe7 27. Rc7 Rxc7 28.
Rxc7 $18)) 25... Kg7 26. Nh3 a5 27. Ng5 Rf6 28. h5 b4 29. h6+ (29. hxg6 h6 30.
Ngf7 Qe7 31. Qh3 $18 (31. Rc8 $18 {Komodo10})) 29... Kg8 30. Nxd7 (30. Nxd7
Qxd7 31. Rc8+ Rf8 32. Rxf8+ Kxf8 33. f5 $1 Qe8 34. fxg6 hxg6 35. h7 $18 {
Komodo10}) 1-0

[Event "Dyfed Major"]
[Site "Fishguard"]
[Date "2017.02.25"]
[Round "2"]
[White "Osinga, Awne"]
[Black "Cooke, Raymond"]
[Result "1-0"]
[WhiteElo "1386"]
[BlackElo "1340"]
[Annotator "Rudy"]
[PlyCount "93"]
[EventDate "2017.02.24"]
[EventCountry "WLS"]

1. e4 e5 2. Nf3 Nc6 3. Be2 {an Awne speciality; later adopted by Jobava &
other GMs} Bc5 4. O-O d6 5. Nc3 f5 {uncommon} (5... Nf6 {main}) 6. exf5 (6. d3
{3 games; eg} Nf6 7. exf5 Bxf5 8. Be3 Bb6 9. d4 Ng4 10. Nd5 e4 11. Nd2 Nxe3 12.
fxe3 Qg5 13. h4 Qxh4 14. Nxb6 $18 (14. Rxf5 $18) 14... Qg5 15. Rxf5 (15. Nxa8)
15... Qxf5 16. Nxa8 (16. Bg4) 16... O-O 17. Qe1 $18 {Carstensen-Rasmussen, Wld
ch blitz ; Berlin 2015,0-1!}) 6... Bxf5 7. d3 Nd4 (7... Nf6 {Cloud Engines,
transposes to the above}) 8. Nxd4 Bxd4 9. Be3 Nf6 10. Bf3 c6 (10... O-O $11)
11. Bxd4 exd4 12. Re1+ $16 Kf7 13. Ne2 Qb6 14. b3 (14. a4 Rhe8 15. a5 Qc7 16.
Qd2 $16 {Komodo10}) 14... Rhe8 $11 15. Ng3 Rxe1+ 16. Qxe1 Bg4 $2 (16... Re8 17.
Qd2 Bg6 $11 {Komodo10}) 17. Bxg4 Nxg4 18. Nf5 $18 Qc7 19. Qe2 (19. Qe4 Nf6 20.
Qxd4 $18) 19... Nf6 20. Qf3 (20. Nxd4 $16) 20... Qd7 (20... Re8 $14) 21. Qf4
Rd8 22. Nxd4 Kg8 23. Re1 $18 Rf8 24. Qg5 Re8 25. Rxe8+ Qxe8 26. Qd2 (26. g3)
26... Qe5 27. Qe3 (27. c3) 27... Qh5 (27... Nd5 28. Qxe5 dxe5 29. Nf3 Nb4 30.
Nxe5 Nxc2 31. Kf1 Nb4 32. a4 Kf8 $14 {Komodo10}) 28. Qf3 (28. Qe6+ Kh8 29. g3
h6 30. Qxd6 $18 {Komodo10}) 28... Qc5 29. Qe3 Qc3 30. Qe6+ (30. g3 {safeguards
backrank}) 30... Kh8 31. Nf3 Qa1+ (31... Qxc2 $11) 32. Ne1 Qxa2 33. Qc8+ (33.
Qxd6 $16) 33... Ng8 34. Qxb7 $16 Qa1 35. Kf1 $18 c5 36. Qc7 Qa6 37. g3 h6 38.
f4 (38. Ng2 Qa1+ 39. Ke2 Qe5+ 40. Ne3 $18 {Komodo10}) 38... Nf6 39. h3 Kh7 40.
g4 Nd5 41. Qf7 Qc6 42. Qf5+ Kh8 43. Qf8+ Kh7 44. Kf2 a5 45. g5 (45. Nf3) (45.
f5) 45... hxg5 46. fxg5 Qb6 $2 (46... Qd7 47. h4 Qe6 48. Ng2 Ne7 49. Ne3 $16)
47. Qf5+ 1-0

[Event "Dyfed Major"]
[Site "Fishguard"]
[Date "2017.02.25"]
[Round "3"]
[White "Scott, Paul"]
[Black "Hammett, Scott"]
[Result "1-0"]
[WhiteElo "1553"]
[BlackElo "1443"]
[Annotator "Rudy"]
[PlyCount "67"]
[EventDate "2017.02.24"]
[EventCountry "WLS"]

1. e4 e5 2. Nc3 f5 (2... Nf6 {main}) 3. exf5 Nf6 4. d4 (4. g4 {main}) 4... exd4
(4... e4 {also played}) 5. Qxd4 Nc6 6. Qe3+ (6. Qd1) (6. Qh4) (6. Qa4 {
alsoplayed}) 6... Qe7 (6... Be7 {alternative, 3 games, 50%}) 7. Bc4 (7. Qxe7+
Bxe7 8. Bd3 d5 9. Bg5 Nb4 10. O-O-O Nxd3+ 11. Rxd3 Bxf5 12. Rd1 O-O-O 13. Bxf6
Bxf6 {Flores Munoz-Abreu Guerrero, Mollet del Valles op 2016,draw agreed}) (7.
Nf3 $16 {Komodo10}) 7... Qxe3+ (7... Nd4 8. Bd3 d5 $14 {Komodo10}) 8. Bxe3 Bb4
9. Nge2 d5 10. Bd3 Ne5 11. Ng3 Nxd3+ 12. cxd3 O-O $11 13. O-O Bxc3 (13... c6)
14. bxc3 b6 15. Rfe1 Ng4 16. Bf4 (16. Bg5 $16) 16... c5 (16... Bxf5 17. Nxf5
Rxf5 18. Bg3 Rf7 19. Re2 c5 $14 {Komodo10}) 17. h3 Nf6 18. Bd6 $16 (18. Re7 $16
) 18... Rf7 19. Re7 (19. a4 a5 20. d4 $16) 19... Rxe7 20. Bxe7 Ba6 (20... Kf7
21. Re1 Bd7 $14) 21. Bxf6 gxf6 22. Re1 Bxd3 23. Re7 Bc4 (23... Rd8 {activate
the pieces} 24. Rxa7 d4 25. cxd4 cxd4 26. Rb7 Bc2 27. Nf1 Bxf5 28. Rxb6 Kg7 29.
a4 $14 {Komodo10}) 24. a3 (24. Nh5 Kf8 25. Rxh7 Rd8 26. Nxf6 d4 27. cxd4 cxd4
28. a3 Bd3 29. Rh8+ Ke7 30. Rxd8 Kxd8 31. Ng4 Bxf5 32. Ne5 $16 {Komodo10})
24... Bb5 25. Nh5 d4 (25... Rf8 26. Rg7+ Kh8 27. Rxa7 $16) 26. cxd4 cxd4 27.
Nxf6+ $18 Kf8 28. Rxh7 d3 (28... Rd8 29. Rh8+ Ke7 30. Rxd8 Kxd8 31. Ne4 $18 (
31. g4 $18 {Komodo10})) 29. Rh8+ Ke7 30. Rxa8 d2 31. Nd5+ {catches the pawn}
Kd7 32. Ne3 Be2 33. f6 d1=Q+ 34. Nxd1 1-0